Great Wolf and the Good Woodsman (Record no. 95118)
[ view plain ]
| 000 -LEADER | |
|---|---|
| fixed length control field | 01608nam a2200385 a 4500 |
| 082 04 - DEWEY DECIMAL CLASSIFICATION NUMBER | |
| Classification number | [Fic] |
| 100 1# - MAIN ENTRY--AUTHOR NAME | |
| Personal name | Hoover, Helen. |
| 245 10 - TITLE STATEMENT | |
| Title | Great Wolf and the Good Woodsman |
| 250 ## - EDITION STATEMENT | |
| Edition statement | 1st University of Minnesota Press ed. |
| 260 ## - PUBLICATION, DISTRIBUTION, ETC. (IMPRINT) | |
| Place of publication | Minneapolis : |
| Name of publisher | University of Minnesota Press, |
| Year of publication | 2005. |
| 300 ## - PHYSICAL DESCRIPTION | |
| Number of Pages | 1 v. (unpaged) : |
| Other physical details | col. ill. |
| 490 1# - SERIES STATEMENT | |
| Series statement | The Fesler-Lampert Minnesota heritage book series |
| 520 ## - SUMMARY, ETC. | |
| Summary, etc | The miracle of Christmas permits the animals to work together as friends, despite their fear of the Great Wolf, and to rescue their beloved woodsman. |
| 650 #0 - SUBJECT ADDED ENTRY--TOPICAL TERM | |
| Topical Term | Wolves |
| Topical Term | Wolves |
| Topical Term | Christmas stories. |
| Topical Term | Animals |
| 700 1# - ADDED ENTRY--PERSONAL NAME | |
| Personal name | Bowen, Betsy. |
| 856 40 - ELECTRONIC LOCATION AND ACCESS | |
| Uniform Resource Identifier | http://site.ebrary.com/lib/rucke/Doc?id=10151194 |
No items available.
